Zahraničný obchod v Slovenskej republike 1997 - definitívne údaje

Gespeichert in:
Bibliographische Detailangaben
Format: Buch
Sprache:Slowakisch
Englisch
Veröffentlicht: Bratislava Štatistický úrad Slovenskej republiky 1999
Schriftenreihe:Zahraničný obchod
Schlagworte:
Tags: Tag hinzufügen
Keine Tags, Fügen Sie das erste Tag hinzu!

MARC

LEADER 00000nam$a2200000$$$4500
001 0023245
005 20240104091618.7
041 0 |a slo 
041 0 |a eng 
044 |a SK 
245 1 0 |a Zahraničný obchod v Slovenskej republike 1997 - definitívne údaje 
264 1 |a Bratislava  |b Štatistický úrad Slovenskej republiky  |c 1999 
300 |a 55 s. 
490 1 |a Zahraničný obchod 
830 0 |a Zahraničný obchod 
610 2 0 |a štatistika 
610 2 0 |a údaje štatistické 
610 2 0 |a tabuľky štatistické 
610 2 0 |a obchod zahraničný 
610 2 0 |a Slovensko 
610 2 0 |a 1997